Nástroj na skytú komunikáciu prostredníctvom DNS cache
Uložené v:
| Hlavný autor: | |
|---|---|
| Ďalší autori: | |
| Médium: | Rukopis Kniha |
| Jazyk: | Slovak |
| Vydavateľské údaje: |
2016
|
| Predmet: | |
| On-line prístup: | http://is.stuba.sk/zp/portal_zp.pl?podrobnosti=131343 |
| Tagy: |
Žiadne tagy, Buďte prvý, kto otaguje tento záznam!
|
MARC
| LEADER | 00000ntm a22000003a 4500 | ||
|---|---|---|---|
| 001 | stuzp58924 | ||
| 003 | SK-STU | ||
| 005 | 20160719155716.4 | ||
| 007 | ta | ||
| 008 | 150427s2015----xo-----f-mn---000-0-slo-d | ||
| 040 | |a STU |b slo | ||
| 041 | 0 | |a slo | |
| 100 | 1 | |a Kalčok, Martin |u 070400 |k Z4 |4 aut |U FIIT Fakulta informatiky a informačných technológií |T FIIT Ústav počítačového inžinierstva a aplikovanej informatiky |X 63829 |U I400 |Y 672 |7 A000063829 | |
| 242 | 0 | 1 | |a Tool for covert communication via DNS cache |y eng |
| 245 | 1 | 0 | |a Nástroj na skytú komunikáciu prostredníctvom DNS cache |
| 260 | |c 2016 | ||
| 650 | 4 | |a cache |2 slo | |
| 650 | 4 | |a DNS |2 slo | |
| 650 | 4 | |a komunikácia |2 slo | |
| 650 | 4 | |a skrytá komunikácia |2 slo | |
| 650 | 4 | |a DNS |2 eng | |
| 650 | 4 | |a cache |2 eng | |
| 650 | 4 | |a communication |2 eng | |
| 650 | 4 | |a covert channel |2 eng | |
| 700 | 1 | |a Bernát, Dušan |u 070400 |k Z2 |4 ths |U FIIT Fakulta informatiky a informačných technológií |T FIIT Ústav počítačového inžinierstva a aplikovanej informatiky |X 1887 |U I400 |Y 672 |7 1887 | |
| 856 | 4 | |u http://is.stuba.sk/zp/portal_zp.pl?podrobnosti=131343 | |
| 996 | |b 8292 |c I* DIP 116/2016 |l II680 |s P |a 0 |w stuzp58924_0001 | ||
| SQL | |a stuzp58924 |b DDP |c SLO |d Nástroj na skytú komunikáciu prostredníctvom DNS cache |e 63829 |f Kalčok, Martin |g 070400 |h 1887 |i Bernát, Dušan |j 20160613 |k 211 |l 07 |m http://is.stuba.sk/zp/portal_zp.pl?podrobnosti=131343 |n I-SI2 |o 9.2.5. softvérové inžinierstvo | ||